| 000 | 00914cam a2200253 4500 | ||
|---|---|---|---|
| 008 | 010921n2001 000 0 eng u | ||
| 020 | _a0727729888 | ||
| 035 | _a(Sirsi) u114747 | ||
| 100 | _aHester, R.E. | ||
| 245 | _aAssessment and reclamation of contaminated land | ||
| 260 |
_aLondon _bThomas Telford _c2001 |
||
| 300 | _axiii,164p.25cm. | ||
| 350 | _a40.00 | ||
| 520 | _aFirst published by the Royal Society of Chemistry this text reviews human and ecological risk assessment methodolgy, insurance, investigative measures, liabilities and specific techniques of remediation in the context of the UK regulatory regime for contaminated land. | ||
| 650 | _aCONTAMINATED LAND | ||
| 650 | _aHEALTH | ||
| 650 |
_aInsurance _96249 |
||
| 650 | _aLIABILITY | ||
| 650 | _aRECLAMATION | ||
| 650 | _aREMEDIATION | ||
| 690 | _aENVIRONMENT-CONTAMINATION | ||
| 700 |
_aHarrison, R. _xEditor |
||
| 942 | _n0 | ||
| 999 |
_c101658 _d101658 |
||